Detalles MARC
| 000 -CABECERA |
| campo de control de longitud fija |
00794cam a2200205 a 4500 |
| 001 - NÚMERO DE CONTROL |
| campo de control |
000018049 |
| 005 - FECHA Y HORA DE LA ÚLTIMA TRANSACCIÓN |
| campo de control |
20200929165331.0 |
| 008 - DATOS DE LONGITUD FIJA--INFORMACIÓN GENERAL |
| campo de control de longitud fija |
820811s1986 pr 001 j spa d |
| 040 ## - FUENTE DE LA CATALOGACIÓN |
| Centro catalogador/agencia de origen |
DO-SdBNP |
| Lengua de catalogación |
spa |
| Centro/agencia transcriptor |
DLC |
| Centro/agencia modificador |
BNPHU |
| 082 ## - NÚMERO DE LA CLASIFICACIÓN DECIMAL DEWEY |
| Número de clasificación |
PR863.44 |
| Número de documento/Ítem |
B282d |
| 100 1# - ENTRADA PRINCIPAL--NOMBRE DE PERSONA |
| Nombre de persona |
Barsy, Kalman, |
| Fechas asociadas al nombre |
1942- |
| 9 (RLIN) |
39130 |
| 245 10 - MENCIÓN DE TÍTULO |
| Título |
Del nacimiento de la isla de Boriquén y otros maravillosos sucesos / |
| Mención de responsabilidad, etc. |
Kalman Barsy ; edición, Dominica Diez ; ilustraciones de Margarita Gray Granados. |
| 260 ## - PUBLICACIÓN, DISTRIBUCIÓN, ETC. |
| Lugar de publicación, distribución, etc. |
[San Juan, Puerto Rico] : |
| Nombre del editor, distribuidor, etc. |
Casa de las Américas, |
| Fecha de publicación, distribución, etc. |
1986. |
| 300 ## - DESCRIPCIÓN FÍSICA |
| Extensión |
85 p. : |
| Otras características físicas |
il. ; |
| Dimensiones |
23 cm. |
| 586 ## - NOTA DE PREMIOS |
| Nota de premios |
Premio casa de las Américas, 1982 |
| 650 #4 - PUNTO DE ACCESO ADICIONAL DE MATERIA--TÉRMINO DE MATERIA |
| Término de materia o nombre geográfico como elemento de entrada |
Cuentos puertorriqueños |
| 9 (RLIN) |
249 |
| 650 #4 - PUNTO DE ACCESO ADICIONAL DE MATERIA--TÉRMINO DE MATERIA |
| Término de materia o nombre geográfico como elemento de entrada |
Literatura puertorriqueña |
| 9 (RLIN) |
250 |
| 700 1# - PUNTO DE ACCESO ADICIONAL--NOMBRE DE PERSONA |
| Nombre de persona |
Diez, Dominica, |
| Término indicativo de función/relación |
ed. |
| 9 (RLIN) |
14421 |
| 910 ## - DATOS DE OPCIÓN DEL USUARIO (OCLC) |
| Datos de opción del usuario |
Catalogación por copia / LC |